000 00837nam a2200217Ii 4500
003 JO-AjNU
008 230605s9999||||xx |||||||||||||| ||und||
017 _a2003/8/1771
040 _aJO-AjNU
_bara
_erda
_cJO-AjNU
041 _aara
050 1 4 _aG155.A1.T3238 2004
100 3 _aتأليف: الطائي، حميد عبد النبي,
_eauthor
_957113
245 0 0 _aالتسويق السياحي: مدخل استراتيجي
250 _aط1
264 3 1 _aعمان: مؤسسة الوراق للنشر والتوزيع، 2004
300 _a462ص
_bبحتوي على ببلوغرافية من ص 461-462ص
336 _atext
_btxt
_2rdacontent
337 _aunmediated
_bn
_2rdamedia
338 _avolume
_bnc
_2rdacarrier
650 4 _aالسياحة - تسويق - تنمية السياحة -المناطق السياحية
_957114
999 _aA25574
_c29142
_d29142